Westward women / Alice Martin.
Available copies
- 2 of 2 copies available at LARL/NWRL Consortium.
- 2 of 2 copies available at Lake Agassiz Regional Library. (Show preferred library)
Current holds
0 current holds with 2 total copies.
Show Only Available Copies
| Location | Call Number / Copy Notes | Barcode | Shelving Location | Status | Due Date |
|---|---|---|---|---|---|
| Crookston Public Library | MAR (Text) | 33500014368286 | New | Available | - |
| Detroit Lakes Public Library | MAR (Text) | 33500014368294 | New | Available | - |
Record details
- ISBN: 9781250375308
- ISBN: 1250375304
- Physical Description: 295 pages ; 25 cm
- Edition: First edition.
- Publisher: New York, NY : St. Martin's Press, an imprint of St. Martin's Publishing Group, 2026.
- Copyright: ©2026
Content descriptions
| Summary, etc.: | "Drawn to the Pacific Ocean like it's calling them ... Read More |
Search for related items by subject
| Genre: | Novels. |
| LDR | 03177cam a2200601 i 4500 | ||
|---|---|---|---|
| 001 | 483508 | ||
| 003 | LARL_NWRL_CONSORTIUM | ||
| 005 | 20260429145733.0 | ||
| 008 | 251215t20262026nyu e 000 f eng | ||
| 010 | . | ‡a 2025051842 | |
| 040 | . | ‡aDLC ‡beng ‡erda ‡cDLC ‡dTOH ‡dOCLCO ‡dIG# ‡dOCLCO ‡dHBP ‡dMWD ‡dNZHWP ‡dYDX | |
| 020 | . | ‡a9781250375308 ‡qhardcover | |
| 020 | . | ‡a1250375304 ‡qhardcover | |
| 020 | . | ‡z9781250375315 ‡qelectronic book | |
| 035 | . | ‡a(OCoLC)1557410674 | |
| 042 | . | ‡apcc | |
| 043 | . | ‡an-usp-- | |
| 082 | 0 | 0. | ‡a813/.6 ‡223/eng/20251215 |
| 100 | 1 | . | ‡aMartin, Alice ‡c(Novelist), ‡eauthor. ‡4aut ‡4http://id.loc.gov/vocabulary/relators/aut ‡1http://id.loc.gov/rwo/agents/n2025520827 |
| 245 | 1 | 0. | ‡aWestward women / ‡cAlice Martin. |
| 250 | . | ‡aFirst edition. | |
| 264 | 1. | ‡aNew York, NY : ‡bSt. Martin's Press, an imprint of St. Martin's Publishing Group, ‡c2026. | |
| 264 | 4. | ‡c©2026 | |
| 300 | . | ‡a295 pages ; ‡c25 cm | |
| 334 | . | ‡asingle unit ‡bmono ‡0http://id.loc.gov/vocabulary/issuance/mono | |
| 336 | . | ‡atext ‡btxt ‡2rdacontent ‡0http://id.loc.gov/vocabulary/contentTypes/txt | |
| 337 | . | ‡aunmediated ‡bn ‡2rdamedia ‡0http://id.loc.gov/vocabulary/mediaTypes/n | |
| 338 | . | ‡avolume ‡bnc ‡2rdacarrier ‡0http://id.loc.gov/vocabulary/carriers/nc | |
| 520 | . | ‡a"Drawn to the Pacific Ocean like it's calling them home. They abandon their lives--jobs, families, their very selves. And once they reach the West, they vanish forever. At the center of the story are three young women caught in the pull of something unstoppable. Aimee follows the trail of her missing best friend to a man called the Piper--known for leading infected women West. Teenie, afflicted and unraveling, clings to a single memory as she looks out the window of the Piper's van. And Eve, a former journalist, is chasing the story that might just consume her. Each on the edge of transformation. Drawn toward the unknown. In search of a way forward"-- Provided by publisher. | |
| 650 | 0. | ‡aYoung women ‡vFiction. ‡0(LARL_NWRL_CONSORTIUM)168213 | |
| 650 | 0. | ‡aInfection ‡vFiction. | |
| 650 | 0. | ‡aMissing persons ‡vFiction. ‡0(LARL_NWRL_CONSORTIUM)165976 | |
| 650 | 0. | ‡aMigration, Internal ‡vFiction. | |
| 651 | 0. | ‡aWest (U.S.) ‡vFiction. ‡0(LARL_NWRL_CONSORTIUM)176229 | |
| 651 | 1. | ‡aWest (U.S.) ‡vFiction. ‡0(LARL_NWRL_CONSORTIUM)176229 | |
| 650 | 7. | ‡aYoung women ‡vFiction. ‡2sears ‡0(LARL_NWRL_CONSORTIUM)168213 | |
| 650 | 7. | ‡aCommunicable diseases ‡vFiction. ‡2sears | |
| 650 | 7. | ‡aMissing persons ‡vFiction. ‡2sears ‡0(LARL_NWRL_CONSORTIUM)165976 | |
| 650 | 7. | ‡aInternal migration ‡vFiction. ‡2sears | |
| 651 | 7. | ‡aWest (U.S.) ‡vFiction. ‡2sears ‡0(LARL_NWRL_CONSORTIUM)176229 | |
| 655 | 7. | ‡aNovels. ‡2lcgft | |
| 758 | . | ‡1http://id.loc.gov/resources/instances/in00024365872 | |
| 758 | . | ‡4http://id.loc.gov/ontologies/bibframe/instanceOf ‡1http://id.loc.gov/resources/works/in00024365872 | |
| 884 | . | ‡aDLC bibframe2marc v3.1-dev ‡g20251215 ‡qDLC ‡uhttps://github.com/lcnetdev/bibframe2marc/tree/v3.1-dev | |
| 905 | . | ‡uvanderl | |
| 901 | . | ‡a483508 ‡bAUTOGEN ‡c483508 ‡tbiblio ‡soclc | |

Add to basket
Permalink
Disable Highlighting